FC Arsenal Kader 2019/20 - Statistiken

Allgemein
  • Dieses Quiz wurde 148 mal gespielt
  • Das Durchschnittsergebnis liegt bei 13 aus 28
Antwortstatistiken
Position Name % Korrekt
Torwart Bernd Leno
93%
Mittelfeld Mesut Özil
84%
Sturm Pierre-Emerick Aubameyang
82%
Trainer Mikel Arteta
70%
Mittelfeld Bukayo Saka
67%
Mittelfeld Granit Xhaka
67%
Sturm Alexandre Lacazette
66%
Abwehr Shkodran Mustafi
64%
Abwehr Hector Bellerin
61%
Abwehr David Luiz
54%
Sturm Gabriel Martinelli
50%
Torwart Emiliano Martinez
49%
Abwehr Sead Kolasinac
49%
Abwehr Rob Holding
43%
Abwehr Kieran Tierney
39%
Sturm Nicolas Pepe
38%
Abwehr Sokratis
35%
Sturm Edward Nketiah
34%
Mittelfeld Ainsley Maitland-Niles
33%
Abwehr Calum Chambers
32%
Mittelfeld Dani Ceballos
29%
Mittelfeld Matteo Guendouzi
29%
Sturm Reiss Nelson
29%
Mittelfeld Lucas Torreira
24%
Mittelfeld Joe Willock
19%
Abwehr Cedric
18%
Abwehr Pablo Mari
15%
Towart Matt Macey
13%
Keine übereinstimmenden Quizze gefunden
Verteilung der Resultate
Anzahl Personen mit jedem Resultat
Perzentil nach korrekt beantworteten Fragen
Ihre Resultats-Entwicklung
Sie haben dieses Quiz noch nicht gespielt